| 000 | 00541nam a2200169Ia 4500 | ||
|---|---|---|---|
| 008 | 240729s9999 xx 000 0 und d | ||
| 022 | _a2957-9228 | ||
| 245 | 0 | _aJournal of Sustainable Environment | |
| 260 | _aPakistan | ||
| 260 | _bSindh Madressatul Islam University | ||
| 650 | _a Environmental sciences | Geography. Anthropology. Recreation | ||
| 650 | _a Geography (General) | ||
| 650 | _aGeography. Anthropology. Recreation | ||
| 856 | _uhttps://doaj.org/toc/af2ddfd28ef44d42a7139078612fa9a9 | ||
| 942 | _2ddc | ||
| 942 | _cDOAJEJ | ||
| 999 |
_c67043 _d67043 |
||
| 945 |
_a1 _bMadushi Gamage _c1 _dMadushi Gamage |
||